000 03927cam a22005654i 4500
003 PE-LiUPU
005 20250731173118.0
008 200123s1992 miu rb 001 0 eng d
020 _a094387257X
_q(Volumen I, II)
020 _a9780943872575
_q(Volumen I, II)
035 _a(Sirsi) a252799
040 _aPE-LiUPU
_bspa
_cPE-LiUPU
_erda
049 _aPRUA
082 0 4 _a286.78
_bG79
_220
100 1 _aGreenleaf, Floyd,
_eautor.
245 1 4 _aThe Seventh-Day Adventist church in Latin America and the Caribbean /
_cFloyd Greenleaf.
264 1 _aBerrien Springs, Michigan :
_bAndrews University Press,
_c1992.
300 _a2 volumes ;
_c 24 centímetros
336 _atext
_2rdacontent
337 _aunmediated
_2rdamedia
338 _aunmediated
_2rdamedia
504 _aIncluye bibliografía e índice.
505 0 _aVolumen I,
_tLet the earth hear his voice.
_aThe land and the people -- The cutting edge of adventism -- The first institutions -- Fornation of the South American Union, 1906 -- From South American Union to South American Division, 1906- 16 -- Formation and early years of the West Indian Union -- An Organizational Dilemma Becomes the Inter-American Division, 1913-22 -- Mexico: A land set apart -- Through earthquake, fire, and blood -- Grow in South America Despite difficulties, 1916-26 -- South America's era of self-support -- Inter-America's organization and the english-speaking constituency -- To the andes and beyond -- The Indians call from Inter-America -- In expectancy of the gospel -- Trial by ordeal: South America and the despression -- Trial by years: South America and the despression -- South America's heart attack.
505 0 _aVolumen II,
_tBear the news to every land.
_aThe institutions of growth -- Education-Its form and varieties in South America -- A strong, forward step: 1926-41 -- Widening enterprises in Inter-America: 1922-41 -- Widening services and programs in south and Inter-America -- The 1940's: Years of mid-passage -- Special programs during the a Troubled decade in South America -- South America's institutions begin in the Post-War-Era -- Breakthoughs in education and medicine in Inter-America -- Upgrading South America's education -- Membership explosion in the South American Division -- To rise as on man -- Great than these -- A programan of penetration -- Inter-American mobilizes -- For the body and the mind -- Toward a new humanitarianism -- Retrospect.
526 _aSEG42
526 _aSEG41
526 _aSEG40
526 _aSEG39
526 _aP94
526 _aP87
526 _aP86
526 _aP85
526 _aP77
526 _aP76
526 _aP35
650 0 7 _aAdventistas del séptimo día
_zAmérica Latina
_xHistoria.
650 0 4 _aAdventistas del séptimo día
_zAmérica del Caribe
_xHistoria.
650 0 4 _aAmérica Latina
_xHistoria de la iglesia.
910 _adbm
_bncf
_cncf
_d20200123
910 _adbm
_bncf
_cncf
_d20200205
942 _2ddc
_cBOOK
994 _aC0
_bPEPRU
596 _a1 4
999 _a286.78 G79 1
_wLC
_c32019
_i80983
_f2021-11-11
_g2
_lCCODEBUL1
_mBUL
_p45.84
_r0
_sY
_tBOOK
_u2020-1-23
_xTEOLOGIA
_PP35
_0DONACION
_o.STAFF. Colección Teología
_d32019
999 _a286.78 G79 2
_wLC
_c1
_i80984
_f2021-11-11
_g2
_lCCODEBUL1
_mBUL
_p45.84
_r0
_sY
_tBOOK
_u2020-1-23
_xTEOLOGIA
_PP35
_0DONACION
_o.STAFF. Colección Teología
999 _a286.78 G79 1
_wDEWEY
_c1
_iCW001625
_f2021-12-23
_g1
_lCCODECWL1
_mBWL
_p45.84
_r1
_sY
_tBOOK
_u2020-2-5
_xWHITE
_zUNKNOWN
_0DONACION
_o.STAFF. Colección Elena de White
999 _a286.78 G79 2
_wDEWEY
_c1
_iCW001626
_f2021-12-23
_g1
_lCCODECWL1
_mBWL
_p45.84
_r1
_sY
_tBOOK
_u2020-2-5
_xWHITE
_zUNKNOWN
_0DONACION
_o.STAFF. Colección Elena de White
980 _81
_gALBERTO SANCHEZ Responsable de Automatización